000 00900nam a2200217Ii 4500
003 JO-AjNU
008 230605s9999||||xx |||||||||||||| ||und||
020 _a1-56564-323-2
040 _aJO-AjNU
_bara
_erda
_cJO-AjNU
041 _aara
050 1 4 _aDS70.8.K8.A4486 2008
100 3 _aعلي، عثمان,
_eauthor
_952495
245 0 0 _aالحركة الكردية المعاصرة: دراسة تاريخية وثائقية 1833-1949
250 _aط2
264 3 1 _aالولايات المتحدة الامريكية: المعهد العالمي للفكر الاسلامي، 2008
300 _a880ص
_bيتضمن قائمة بالمختصرات
336 _atext
_btxt
_2rdacontent
337 _aunmediated
_bn
_2rdamedia
338 _avolume
_bnc
_2rdacarrier
650 4 _aالاكراد - الحركات الاجتماعية - الحركات السياسية - تاريخ معاصر
_952496
999 _aA23257
_c26825
_d26825